000
00413nam a2200133Ia 4500
008
151001s9999||||xx |||||||||||||| ||und||
100
_a
सुरेंद्रकुमार विजय
245
_a
विज्ञान प्रश्नोत्तरी
250
_a
1
260
_b
क्वालिटी पब्लिकेशन
260
_c
2006
300
_a
198
365
_b
21
999
_c
988087
_d
988084